01996nam a2200541 c 4500001000900000003000900009005001700018008004100035015001000076017005000086020001800136040004100154082002000195245010200215264004300317264001100360300010100371336002200472337003000494338002400524490001700548504004100565505053000606526001001136526001001146526001001156526001001166526001001176526000901186526000901195526000901204526000901213526000901222526000901231526000901240526000901249526000901258526000901267526000801276526000801284526000801292526000801300526000801308526000801316650003501324700004401359700005101403a6936747PE-LiUPU20250731170501.0210906s2021 sp a | |||| 000 0 spa  aMON21 aM 20868-2021bOficina Depósito Legal Madrid a9788436845167 aSpMaBNbspacPE-LiUPUerdadPE-LiUPU 223a158.7bM29400aManual de psicología del trabajo /ccoordinadores, Pedro R. Gil-Monte, Vicente J. Prado-Gascó 1aMadridbEdiciones Pirámides,c[2021] 4c©2021 a342 páginas :bilustraciones (blanco y negro), gráficos (blanco y negro) ;c24 centímetros aTexto2rdacontent asin mediación2rdamedia avolumen2rdacarrier0 aPsicología aIncluye referencias bibliográficas aLa psicología del trabajo: trabajo y significado psicológico del trabajo -- Ajuste individuo-trabajo -- Motivación laboral -- Satisfacción laboral y rendimiento en el trabajo -- Trabajo en equipo y participación -- Nuevas formas de trabajo: aspectos psicosociales de la flexibilidad laboral -- La tecnología aplicada al desarrollo de la actividad laboral -- Bienestar laboral, estrés en el trabajo y salud ocupacional -- La perspectiva de género en el trabajo -- Intervención sobre el puesto y el individuo. aSEG68 aSEG70 aSEG69 aSEG67 aSEG43 aP144 aP143 aP131 aP122 aP120 aP117 aP112 aP110 aP106 aP101 aP80 aP59 aP54 aP35 aP33 aP30 7aPsicología industrial2embne1 aGil-Monte, Pedro R.ecoordinadoreautor1 aPrado Gascó, Víctor J.ecoordinadoreautor